LIBRARY & INFORMATION CENTRE, KCAET, TAVANUR

ONLINE PUBLIC ACCESS CATALOGUE (OPAC)

Madhya greeshmakala rathriyile oru swapnam / (Record no. 6598)

MARC details
000 -LEADER
fixed length control field 00403cam a2200145ua 4500
041 ## - LANGUAGE CODE
Language code of text/sound track or separate title mal
082 ## - DEWEY DECIMAL CLASSIFICATION NUMBER
Classification number 894.8122
Item number SHA/MA
100 ## - MAIN ENTRY--AUTHOR NAME
Personal name Shakespeare, William.
245 ## - TITLE STATEMENT
Title Madhya greeshmakala rathriyile oru swapnam /
260 ## - PUBLICATION, DISTRIBUTION, ETC. (IMPRINT)
Place of publication Kottayam :
Name of publisher Vidyarthi Mithram Book Depo ,
Year of publication 1961.
300 ## - PHYSICAL DESCRIPTION
Number of Pages 150 ; .
942 ## - ADDED ENTRY ELEMENTS (KOHA)
Koha item type Books

No items available.

free website counter